|
|
|
|
| LEADER |
01062nam a2200301 i 4500 |
| 001 |
31762 |
| 003 |
BD-DhAAL |
| 005 |
20170718105048.0 |
| 008 |
170718s2012 b ||||| |||| 00| 0 eng d |
| 999 |
|
|
|c 38217
|d 38217
|
| 010 |
|
|
|a 2013316982
|
| 020 |
|
|
|a 9789843341228
|
| 040 |
|
|
|a DLC
|b eng
|c DLC
|e rda
|d DLC
|d BD-DhAAL
|
| 050 |
0 |
0 |
|a P56.P55
|b M87 2012
|
| 082 |
|
|
|a 809.93358
|
| 245 |
0 |
0 |
|a Musings post colonies /
|c edited by Maswood Akhter.
|
| 264 |
|
1 |
|a Rajshahi, Bangladesh :
|b Chinno,
|c 2012.
|
| 300 |
|
|
|a 356 pages ;
|c 20 cm.
|
| 504 |
|
|
|a Includes bibliographical references.
|
| 520 |
|
|
|a Contributed articles.
|
| 526 |
|
|
|a AAL
|
| 541 |
|
|
|e 31762
|
| 650 |
|
0 |
|a Postcolonialism in literature.
|9 21808
|
| 650 |
|
0 |
|a Postcolonialism
|z Commonwealth countries.
|9 21809
|
| 650 |
|
0 |
|a Colonies in literature
|x History.
|9 21810
|
| 700 |
1 |
|
|a Akhter, Maswood,
|e editor.
|9 21811
|
| 942 |
|
|
|2 ddc
|c BK
|
| 952 |
|
|
|0 0
|1 0
|2 ddc
|4 0
|6 809_933580000000000_MUS
|7 0
|9 60917
|a BRACUL
|b BRACUL
|c GEN
|d 2017-07-18
|e Complimentary copy.
|l 0
|o 809.93358 MUS
|p 3010031762
|r 2017-07-18
|t 1
|w 2017-07-18
|y BK
|